000 01083nam a2200229Ia 4500
999 _c38811
_d38811
001 5180
003 GE_BSU
005 20190621155342.0
008 181216s1987||||ge |||||||||||||| ||geo||
040 _cGE_BSU
041 _ageo
080 _a658.26(075.8) ა-60
100 _aამყოლაძე, გ.
_92738
245 _aსამრეწველო საწარმოთა ელექტრომომარაგების ეკონომიკა /
_cგ. ამყოლაძე, ლ. ბოჭორიშვილი ; რედ. ე. გიორგაძე
264 _aთბილისი :
_bსპი,
_c1987.
300 _a95 გვ. ;
_c20 სმ.
504 _aბიბლიოგრ. : გვ.91
653 _aსამრეწველო საწარმოთა ელექტრომომარაგების ეკონომიკა
700 _aბოჭორიშვილი, ლ.
_eავტორი
_92739
700 _aგიორგაძე, ე.
_eრედაქტორი
_9398
942 _cBK
_2udc